| 000 -LEADER |
| fixed length control field |
00785nam a2200229 a 4500 |
| 001 - CONTROL NUMBER |
| control field |
:::00012104$&:&@@ |
| 003 - CONTROL NUMBER IDENTIFIER |
| control field |
OkBaRHE |
| 005 - DATE AND TIME OF LATEST TRANSACTION |
| control field |
20100402121223.0 |
| 008 - FIXED-LENGTH DATA ELEMENTS--GENERAL INFORMATION |
| fixed length control field |
s1982 j 000 0 eng u |
| 020 ## - INTERNATIONAL STANDARD BOOK NUMBER |
| International Standard Book Number |
0802443540 (pbk.) |
| 040 ## - CATALOGING SOURCE |
| Transcribing agency |
|
| 100 1# - MAIN ENTRY--PERSONAL NAME |
| Personal name |
Martin, Dorothy. |
| 245 10 - TITLE STATEMENT |
| Title |
John Knox, the Scottish reformer. |
| 260 ## - PUBLICATION, DISTRIBUTION, ETC. (IMPRINT) |
| Place of publication, distribution, etc |
Chicago, IL., : |
| Name of publisher, distributor, etc |
Moody Press |
| Date of publication, distribution, etc |
1982 |
| 300 ## - PHYSICAL DESCRIPTION |
| Extent |
126 p. : map ; |
| Dimensions |
18 cm. |
| 650 ## - SUBJECT ADDED ENTRY--TOPICAL TERM |
| Topical term or geographic name as entry element |
Knox, John, 1505-1572. |
| 650 ## - SUBJECT ADDED ENTRY--TOPICAL TERM |
| Topical term or geographic name as entry element |
Reformation |
| General subdivision |
Scotland |
| -- |
Biography |
| 650 ## - SUBJECT ADDED ENTRY--TOPICAL TERM |
| Topical term or geographic name as entry element |
Scotland |
| General subdivision |
Church History |
| -- |
16th Century |
| 700 ## - ADDED ENTRY--PERSONAL NAME |
| Personal name |
Smith, George Barnett, 1841-1909. John Knox and the Scottish Reformation. |
| 942 ## - ADDED ENTRY ELEMENTS (KOHA) |
| Source of classification or shelving scheme |
|
| Koha item type |
Books |